| 000 | 00378nam a22001577a 4500 | ||
|---|---|---|---|
| 005 | 20180223151026.0 | ||
| 008 | 160625b xxu||||| |||| 00| 0 eng d | ||
| 041 | _aeng | ||
| 082 |
_b9902 _a327 |
||
| 100 |
_aRoy, A.C. _92702 |
||
| 245 | _aInternational Relations Since 1919 | ||
| 260 |
_bWorld Press _c2003 |
||
| 300 | _a728 | ||
| 650 |
_aMass Communication _92660 |
||
| 942 | _cBK | ||
| 999 |
_c3890 _d3889 |
||